| 000 | 00900nam a22002655a 4500 | ||
|---|---|---|---|
| 008 | 150819t2014 ii a frbd 001 0 eng d | ||
| 020 | _a9789332500303 | ||
| 040 |
_a EG-ScBUE _beng _c EG-ScBUE _d EG-ScBUE |
||
| 082 | 0 | 4 |
_a005.432 _bHAL _222 |
| 100 | 1 |
_aHaldar, Sibsankar, _d1962- _938732 |
|
| 245 | 1 | 0 |
_aOperating systems / _cSibsankar Haldar, Alex A. Aravind. |
| 250 | _a2nd ed. | ||
| 260 |
_aNew Delhi : _bDorling Kindersley / Pearson Education , _cc.2014. |
||
| 300 |
_axxxviii, 801 p. : _bill. ; _c24 cm. |
||
| 500 | _aGlossary : p. 777-782. | ||
| 500 | _aIndex: p. 793-801. | ||
| 504 | _aBibliography : p. 753-776. | ||
| 650 | 0 |
_aOperating systems (Computers) _2BUEsh |
|
| 650 | 0 |
_aMicrosoft Windows (Computer file) _2BUEsh |
|
| 650 |
_aLinux _2BUEsh _918605 |
||
| 651 | _2BUEsh | ||
| 653 |
_bCOMSCI _cAugust2015 _cNovember2015 |
||
| 700 | 1 | _aAravind, Alex A. | |
| 942 |
_2ddc _k005.432 HAL |
||
| 999 |
_c20621 _d20593 |
||